Normal view
MARC view
Entry Personal Name
001 - CONTROL NUMBER
- control field: 167851
003 - CONTROL NUMBER IDENTIFIER
- control field: OSt
005 - DATE AND TIME OF LATEST TRANSACTION
- control field: 20220923224236.0
008 - FIXED-LENGTH DATA ELEMENTS
- fixed length control field: 220923|| aca||aabn | a|a d
040 ## - CATALOGING SOURCE
- Original cataloging agency: OSt
- Transcribing agency: OSt
100 ## - HEADING--PERSONAL NAME
- Personal name: द्विवेदी, हजारी प्रसाद; द्विवेदी, मुकुन्द, संपा
670 ## - SOURCE DATA FOUND
- Source citation: Work cat.: (OSt)370127: द्विवेदी, हजारी प्रसाद; द्विवेदी, मुकुन्द, संपा., चुने हुए निबंध, 2004
